Certifikáty majú motivovať a strážiť

Certifikáty preverujúce bezpečnostné kritériá, vďaka ktorým sa môžu firmy zaradiť do zoznamu schválených hospodárskych subjektov (Authorised Economic Operator - AEO).

Enregistré dans:
Détails bibliographiques
Auteur principal: Hudec, Marián
Format: Chapitre de livre
Langue:slovaque
Sujets:
Tags: Ajouter un tag
Pas de tags, Soyez le premier à ajouter un tag!

MARC

LEADER 00000naa a2200000 4500
001 0185639
005 20231011123556.0
041 0 |a slo 
044 |a SK 
245 1 0 |a Certifikáty majú motivovať a strážiť  |c Marián Hudec 
520 |a Certifikáty preverujúce bezpečnostné kritériá, vďaka ktorým sa môžu firmy zaradiť do zoznamu schválených hospodárskych subjektov (Authorised Economic Operator - AEO). 
610 2 0 |a kvalita výrobkov 
610 2 0 |a kvalita služieb 
610 2 0 |a kontrola kvality 
610 2 0 |a bezpečnosť výrobkov 
610 2 0 |a certifikácia 
610 2 0 |a certifikáty 
100 1 |a Hudec, Marián